Un retrato: (Record no. 1867)

MARC details
000 -LEADER
campo de control de longitud fija 01026nam a2200181 4500
008 - DATOS DE LONGITUD FIJA--INFORMACIÓN GENERAL
campo de control de longitud fija 708.1 P185r
020 ## - NÚMERO INTERNACIONAL ESTÁNDAR DEL LIBRO
Número Internacional Estándar del Libro 9780997494099
082 ## - NÚMERO DE LA CLASIFICACIÓN DECIMAL DEWEY
Número de clasificación 708.1
Número de ítem P185r
100 ## - ENTRADA PRINCIPAL--NOMBRE DE PERSONA
Nombre de persona Alvarez, Anelys
9 (RLIN) 7226
110 ## - ENTRADA PRINCIPAL--NOMBRE DE ENTIDAD CORPORATIVA
Nombre de entidad corporativa o nombre de jurisdicción como elemento de entrada Fabius, Roxana
9 (RLIN) 7227
111 ## - ENTRADA PRINCIPAL--NOMBRE DE CONGRESO/REUNIÓN
Nombre de congreso/reunión o jurisdicción como elemento de entrada M. Hanna, Patricia
9 (RLIN) 7228
245 ## - MENCIÓN DEL TÍTULO
Título Un retrato:
Resto del título es simple y concreto
260 ## - PUBLICACIÓN, DISTRIBUCIÓN, ETC.
Lugar de publicación, distribución, etc. Minneapolis
Nombre del editor, distribuidor, etc. NAME
Fecha de publicación, distribución, etc. 2017
300 ## - DESCRIPCIÓN FÍSICA
Extensión 328 p.
Otras características físicas il. (col)
Dimensiones 30,5 x 24,5 cm
505 ## - NOTA DE CONTENIDO CON FORMATO
Título Melatonina/Madre/Miami/Meandro/Magma
Mención de responsabilidad Legna Rodríguez Iglesias
Título Un sentido de lugar
Mención de responsabilidad Patricia M. Hanna
Título Prólogo
Mención de responsabilidad Franklin Sirmans
Título A manera de prefacio (y a falta de espejo)
Mención de responsabilidad Magalí Arriola
Título Desplazamientos geográficos y migraciones emocionales en un territorio incierto
Mención de responsabilidad Miguel A. López
Título Inclusión radical: el arte contemporáneo en la colección Pérez
Mención de responsabilidad Tatiana Flores
Título Ilustraciones
-- Indice
-- Agradecimiento
-- Créditos de imágenes
Mención de responsabilidad Tatiana Flores
650 ## - PUNTO DE ACCESO ADICIONAL DE MATERIA--TÉRMINO DE MATERIA
Subdivisión general arte contemporáneo
-- arte - colecciones
-- arte - galerías
-- arte - museos
-- arte - exhibiciones
9 (RLIN) 7229
700 ## - ENTRADA AGREGADA--NOMBRE PERSONAL
Nombre de persona Zuluaga, Natalia
9 (RLIN) 7230
Holdings
Estatus retirado Estado de pérdida Fuente del sistema de clasificación o colocación Estado de daño No para préstamo Biblioteca de origen Biblioteca actual Ubicación en estantería Fecha de adquisición Total de préstamos Signatura topográfica completa Código de barras Visto por última vez Precio de reemplazo Tipo de ítem Koha
    Clasificación Decimal Dewey     Biblioteca LadoV Biblioteca LadoV   31/10/2019   708.1 P185r 004685 31/10/2019 31/10/2019 Material 01